Rembrandt and his contemporaries

שמור ב:
מידע ביבליוגרפי
מחבר ראשי: Harmenszoon van Rijn Rembrandt (1606-1669)
פורמט: ספר
שפה:Undetermined
יצא לאור: Winchester, Massachusetts The uUniv. Prints
נושאים:
תגים: הוספת תג
אין תגיות, היה/י הראשונ/ה לתייג את הרשומה!
Thư viện lưu trữ: Trung tâm Học liệu Trường Đại học Cần Thơ
LEADER 00596nam a2200169Ia 4500
001 CTU_18572
008 210402s9999 xx 000 0 und d
082 |a 759.046092 
082 |b R385 
100 |a Harmenszoon van Rijn Rembrandt (1606-1669) 
245 0 |a Rembrandt and his contemporaries 
245 0 |c Harmenszoon van Rijn Rembrandt (1606-1669) 
260 |a Winchester, Massachusetts 
260 |b The uUniv. Prints 
650 |a painting, baroque,painting, dutch,rembrandt harmenszoon van rijn, 1606-1669 
904 |i Minh, 970919 
980 |a Trung tâm Học liệu Trường Đại học Cần Thơ